中国藏族比例超过20%的县级行政区 - Statistics

General Stats
  • This quiz has been taken 19 times
  • The average score is 82 of 139
Answer Stats
省级 地级 县级 比例 % Correct
西藏 日喀则 定日县 98.49%
92%
西藏 阿里 改则县 97.11%
92%
西藏 拉萨 墨竹工卡县 96.96%
92%
四川 甘孜 理塘县 93.07%
92%
四川 甘孜 稻城县 92.27%
92%
西藏 拉萨 城关区 58.67%
92%
四川 阿坝 理县 47.82%
92%
云南 迪庆 香格里拉县 39.86%
92%
西藏 山南 贡嘎县 96.27%
83%
四川 甘孜 甘孜县 93.81%
83%
西藏 林芝 工布江达县 93.51%
83%
西藏 阿里 日土县 93.15%
83%
西藏 山南 错那县 92.54%
83%
四川 阿坝 红原县 81.30%
83%
云南 迪庆 德钦县 73.38%
83%
四川 阿坝 马尔康县 72.66%
83%
四川 阿坝 九寨沟县 25.73%
83%
西藏 那曲 尼玛县 98.40%
75%
四川 甘孜 德格县 97.07%
75%
青海 玉树 玉树县 94.38%
75%
四川 甘孜 巴塘县 94.04%
75%
西藏 昌都 芒康县 93.54%
75%
西藏 日喀则 亚东县 92.93%
75%
四川 甘孜 得荣县 91.51%
75%
四川 阿坝 若尔盖县 91.14%
75%
四川 阿坝 阿坝县 90.58%
75%
四川 甘孜 乡城县 87.03%
75%
西藏 林芝 米林县 76.69%
75%
四川 甘孜 丹巴县 74.20%
75%
西藏 阿里 噶尔县 73.08%
75%
四川 阿坝 小金县 61.81%
75%
四川 甘孜 康定县 59.46%
75%
甘肃 甘南 合作市 54.23%
75%
青海 海北 海晏县 25.91%
75%
四川 凉山 木里藏族自治县 32.06%
75%
西藏 日喀则 仲巴县 98.02%
67%
西藏 那曲 安多县 97.75%
67%
青海 玉树 曲麻莱县 96.94%
67%
西藏 日喀则 吉隆县 93.82%
67%
四川 阿坝 壤塘县 93.14%
67%
西藏 林芝 朗县 93.08%
67%
青海 果洛 玛多县 91.39%
67%
西藏 阿里 普兰县 90.21%
67%
四川 阿坝 黑水县 88.65%
67%
西藏 拉萨 堆龙德庆县 85.68%
67%
西藏 日喀则 定结县 84.74%
67%
西藏 林芝 察隅县 84.67%
67%
西藏 山南 乃东县 82.43%
67%
青海 黄南 同仁县 74.39%
67%
四川 阿坝 金川县 72.08%
67%
青海 海北 刚察县 70.29%
67%
青海 海南 共和县 63.81%
67%
西藏 林芝 林芝县 56.38%
67%
四川 阿坝 松潘县 41.07%
67%
青海 海北 祁连县 28.97%
67%
四川 甘孜 九龙县 27.58%
67%
青海 海西 都兰县 21.92%
67%
甘肃 武威 天祝藏族自治县 30.88%
67%
甘肃 张掖 肃南裕固族自治县 23.88%
67%
西藏 日喀则 南木林县 99.10%
58%
西藏 山南 浪卡子县 98.99%
58%
青海 玉树 囊谦县 98.70%
58%
西藏 日喀则 江孜县 98.12%
58%
西藏 拉萨 当雄县 97.96%
58%
西藏 那曲 索县 97.90%
58%
西藏 昌都 左贡县 97.82%
58%
四川 甘孜 石渠县 97.74%
58%
青海 玉树 称多县 97.35%
58%
西藏 拉萨 林周县 97.24%
58%
青海 玉树 杂多县 96.63%
58%
青海 玉树 治多县 96.39%
58%
青海 果洛 久治县 95.44%
58%
西藏 阿里 札达县 93.08%
58%
甘肃 甘南 玛曲县 90.81%
58%
四川 甘孜 道孚县 90.60%
58%
青海 海南 同德县 89.57%
58%
四川 甘孜 雅江县 88.94%
58%
西藏 昌都 昌都县 88.29%
58%
西藏 林芝 波密县 87.60%
58%
青海 果洛 玛沁县 83.30%
58%
青海 黄南 尖扎县 68.59%
58%
青海 海西 天峻县 56.67%
58%
青海 海南 贵德县 37.01%
58%
青海 海东 循化撒拉族自治县 22.83%
58%
西藏 阿里 革吉县 98.57%
50%
西藏 昌都 类乌齐县 98.32%
50%
西藏 山南 扎囊县 98.26%
50%
西藏 那曲 巴青县 98.25%
50%
西藏 日喀则 萨嘎县 98.20%
50%
西藏 那曲 嘉黎县 98.13%
50%
西藏 昌都 丁青县 97.83%
50%
西藏 昌都 江达县 97.75%
50%
西藏 那曲 申扎县 97.61%
50%
西藏 拉萨 尼木县 97.40%
50%
西藏 山南 琼结县 97.12%
50%
西藏 阿里 措勤县 96.77%
50%
西藏 拉萨 达孜县 95.89%
50%
西藏 昌都 八宿县 95.85%
50%
四川 甘孜 白玉县 95.50%
50%
四川 甘孜 色达县 95.09%
50%
青海 果洛 班玛县 94.24%
50%
四川 甘孜 新龙县 92.73%
50%
四川 甘孜 炉霍县 88.52%
50%
甘肃 甘南 碌曲县 86.35%
50%
西藏 日喀则 日喀则市 85.77%
50%
西藏 日喀则 聂拉木县 84.86%
50%
甘肃 甘南 卓尼县 69.31%
50%
甘肃 甘南 舟曲县 34.41%
50%
西藏 日喀则 萨迦县 99.48%
42%
西藏 那曲 班戈县 99.07%
42%
西藏 日喀则 白朗县 98.97%
42%
西藏 那曲 聂荣县 98.77%
42%
西藏 日喀则 拉孜县 98.38%
42%
西藏 日喀则 谢通门县 98.15%
42%
西藏 昌都 洛隆县 98.07%
42%
西藏 那曲 比如县 97.52%
42%
西藏 山南 措美县 97.22%
42%
青海 果洛 甘德县 97.19%
42%
西藏 昌都 边坝县 96.40%
42%
西藏 山南 隆子县 95.93%
42%
青海 果洛 达日县 95.10%
42%
西藏 拉萨 曲水县 93.83%
42%
西藏 那曲 那曲县 92.33%
42%
西藏 山南 加查县 87.58%
42%
甘肃 甘南 夏河县 80.60%
42%
青海 海南 兴海县 77.89%
42%
西藏 昌都 察雅县 98.61%
33%
西藏 日喀则 岗巴县 97.21%
33%
西藏 昌都 贡觉县 96.74%
33%
甘肃 甘南 迭部县 86.57%
33%
青海 海南 贵南县 78.22%
33%
青海 海东 化隆回族自治县 22.91%
33%
西藏 日喀则 仁布县 99.05%
25%
西藏 日喀则 康马县 98.63%
25%
青海 黄南 泽库县 98.07%
25%
西藏 山南 曲松县 97.73%
25%
西藏 山南 桑日县 97.16%
25%
西藏 日喀则 昂仁县 99.09%
17%
西藏 山南 洛扎县 98.25%
17%
No matching quizzes found
Score Distribution
Percent of People with Each Score
Percentile by Number Answered
Your Score History
You have not taken this quiz